Civil-military relations in Pakistan : (Record no. 186736)
[ view plain ]
| 000 -LEADER | |
|---|---|
| fixed length control field | 01102 a2200193 4500 |
| 003 - CONTROL NUMBER IDENTIFIER | |
| control field | NUST |
| 005 - DATE AND TIME OF LATEST TRANSACTION | |
| control field | 20230209143032.0 |
| 010 ## - LIBRARY OF CONGRESS CONTROL NUMBER | |
| LC control number | 97016965 |
| 020 ## - INTERNATIONAL STANDARD BOOK NUMBER | |
| International Standard Book Number | 0813388090 (alk. paper) |
| 040 ## - CATALOGING SOURCE | |
| Transcribing agency | Nust |
| 082 00 - DEWEY DECIMAL CLASSIFICATION NUMBER | |
| Classification number | 954.91,SHA |
| 100 1# - MAIN ENTRY--PERSONAL NAME | |
| Personal name | Shafqat, Saeed. |
| 9 (RLIN) | 37685 |
| 245 10 - TITLE STATEMENT | |
| Title | Civil-military relations in Pakistan : |
| Remainder of title | from Zulfikar Ali Bhutto to Benazir Bhutto / |
| Statement of responsibility, etc. | Saeed Shafqat. |
| 260 ## - PUBLICATION, DISTRIBUTION, ETC. | |
| Place of publication, distribution, etc. | Boulder, Colo. : |
| Name of publisher, distributor, etc. | Westview Press ; |
| Place of publication, distribution, etc. | [Lahore], Pakistan : |
| Name of publisher, distributor, etc. | Pak Book Corp., |
| Date of publication, distribution, etc. | 1997. |
| 300 ## - PHYSICAL DESCRIPTION | |
| Extent | xii, 283 p. ; |
| Dimensions | 24 cm. |
| 505 ## - FORMATTED CONTENTS NOTE | |
| Formatted contents note | Introduction (Page-1), Military Bureaucracy and Party Politics (Page-21), Breakdown of the Military Hegemonic systems and the emergence of the Pakistan People (Page-57), Patterns of Conflict in a post Military Hegemonic political System (Page-79), The Politics of economic reforms and Resistance (Page-115), Patterns of Civil Military Relations (Page-165), Military Hegemony Politics and Legacies (Page-189), Struggle for Party Dominance Benazir Bhutto VS Nawaz Shrif (Page-225). |
| 650 #0 - SUBJECT ADDED ENTRY--TOPICAL TERM | |
| Topical term or geographic name entry element | Civil-military relations |
| Geographic subdivision | Pakistan. |
| 9 (RLIN) | 24541 |
| 942 ## - ADDED ENTRY ELEMENTS (KOHA) | |
| Source of classification or shelving scheme | |
| Koha item type | Book |
| Call number prefix | 954.91,SHA |
| Withdrawn status | Lost status | Source of classification or shelving scheme | Damaged status | Not for loan | Permanent Location | Current Location | Shelving location | Date acquired | Full call number | Barcode | Date last seen | Price effective from | Koha item type | Public note |
|---|---|---|---|---|---|---|---|---|---|---|---|---|---|---|
| Military College of Signals (MCS) | Military College of Signals (MCS) | General Stacks | 12/12/2016 | 954.91,SHA | MCS26991 | 12/08/2016 | 12/12/2016 | Book | Almirah No.62, Shelf No.2 |
